000 00643cam a2200181 a 4500
001 000005714
005 20200929151745.0
008 911216s1989 cu a b 001 0 spa
040 _aDO-SdBNP
_cDLC
_dDLC
082 _a972.91064
_bO77c
100 1 _aOrtega, Gregorio,
_d1926-
_916152
245 1 3 _aLa coletilla :
_buna batalla por la libertad de expresión, 1959-1962 /
_cGregorio Ortega.
260 _aLa Habana :
_bPolítica,
_c1989.
300 _aviii, 317 p. :
_bil. ;
_c19 cm.
504 _aIncluye referencias bibliográficas.
651 4 _aCuba
_xHistoria
_xLucha De La Revoluciòn
_y1959-1962.
_916153
910 _aCatalogación por copia / LC
999 _c5510
_d5510